[Event "7. Longericher Sommer-Open"]
[Site "?"]
[Date "2010.07.31"]
[Round "2.40"]
[White "Wickenfeld, Udo"]
[Black "Hingst, Dieter Max Otto"]
[Result "1-0"]
[WhiteElo "1301"]
[BlackElo "908"]
[PlyCount "91"]
[EventDate "2010.??.??"]
[WhiteTeam "SK Recklinghausen Altsta"]
[BlackTeam "Brühler SK 1920 e.V."]

1. d4 d5 2. c4 dxc4 3. Nf3 Nf6 4. e3 Bg4 5. Bxc4 Bxf3 6. Qxf3 c6 7. O-O b5 8.
Bxb5 Qd5 9. Be2 Qxf3 10. Bxf3 a5 11. a4 e6 12. Nc3 Bb4 13. Nb5 Nd5 14. Bxd5 Kd7
15. Bf3 Ra6 16. Nc3 Bxc3 17. bxc3 Rb6 18. Bd2 Na6 19. g3 f5 20. Be2 Rhb8 21.
Rfd1 c5 22. Bxa6 Rxa6 23. dxc5 Kc6 24. Rab1 Raa8 25. f3 g5 26. e4 f4 27. g4 e5
28. Be1 Kxc5 29. Rd5+ Kc6 30. Rxb8 Rxb8 31. Rxa5 Rb1 32. Kf1 Rb2 33. Kg1 Rb1
34. Kf1 Rb2 35. Bf2 Rb1+ 36. Kg2 Kd7 37. Rxe5 Rb3 38. Rc5 h6 39. a5 Rb2 40. c4
Re2 41. a6 Ra2 42. Rd5+ Ke6 43. a7 Ra4 44. Rd8 Ke7 45. a8=Q Rxa8 46. Rxa8 1-0

[Event "7. Longericher Sommer-Open"]
[Site "?"]
[Date "2010.07.31"]
[Round "2.41"]
[White "Liu, Julian"]
[Black "Engels, Immanuel"]
[Result "0-1"]
[WhiteElo "961"]
[BlackElo "1239"]
[PlyCount "82"]
[EventDate "2010.??.??"]
[WhiteTeam "SV Würselen 1926 e.V."]
[BlackTeam "SVigung 1919 Königsspr"]

1. e4 e5 2. Nf3 Nf6 3. Nc3 Bc5 4. Be2 Nc6 5. d3 d6 6. Bg5 h6 7. Bh4 Bg4 8. Nd5
Bxf3 9. Nxf6+ gxf6 10. Bxf3 h5 11. Bxh5 Nd4 12. c3 Nc2+ 13. Qxc2 Rxh5 14. g3
Qe7 15. Qe2 Rh6 16. Qg4 Rg6 17. Qh5 O-O-O 18. O-O Rdg8 19. a4 a6 20. Rad1 Kb8
21. Rfe1 Qe8 22. Qf5 Qd8 23. d4 exd4 24. cxd4 Bb4 25. Re3 Rh8 26. Kf1 Rhh6 27.
Rb3 a5 28. Rdd3 Qe8 29. Qd5 Qg8 30. Qf5 Qe8 31. Qd5 Qd7 32. e5 Qf5 33. Qxf7 Qe4
34. exf6 Rxh4 35. Re3 Qb1+ 36. Ke2 Qc2+ 37. Kf3 Qd1+ 38. Kg2 Rxh2+ 39. Kxh2
Rh6+ 40. Qh5 Rxh5+ 41. Kg2 Qh1# 0-1

[Event "7. Longericher Sommer-Open"]
[Site "?"]
[Date "2010.07.31"]
[Round "3.1"]
[White "Rotstein, Jefim"]
[Black "Knütter, Helmut"]
[Result "1/2-1/2"]
[WhiteElo "2210"]
[BlackElo "1593"]
[PlyCount "96"]
[EventDate "2010.??.??"]
[WhiteTeam "Ford-SF Köln e.V."]
[BlackTeam "SK Sülz-Klettenberg"]

1. d4 Nf6 2. Nf3 b6 3. c4 e6 4. Nc3 Bb7 5. Qc2 Bb4 6. e3 Ne4 7. Bd3 f5 8. O-O
Bxc3 9. bxc3 O-O 10. Nd2 Nxd2 11. Bxd2 d6 12. e4 Qf6 13. exf5 exf5 14. a4 Nd7
15. a5 Qg6 16. f3 Kh8 17. g4 Qf7 18. Bxf5 g6 19. Bxd7 Qxd7 20. d5 Rae8 21. Bh6
Rf7 22. axb6 axb6 23. Qd2 Rfe7 24. Rae1 Kg8 25. Kf2 Ba6 26. Qd4 Rxe1 27. Rxe1
Rxe1 28. Kxe1 Qe7+ 29. Kd2 Qe5 30. Qxe5 dxe5 31. Kd3 Kf7 32. Bg5 c6 33. dxc6
Ke6 34. c7 Kd7 35. Bd8 Bb7 36. Ke3 Ba6 37. f4 exf4+ 38. Kxf4 h6 39. Ke5 Bxc4
40. Kf6 Bd3 41. Ke5 h5 42. Kd4 Be2 43. g5 Bg4 44. Kc4 Kc8 45. Kb5 Bf5 46. Kxb6
Be4 47. Bf6 Bd3 48. Be5 Bf5 1/2-1/2

[Event "7. Longericher Sommer-Open"]
[Site "?"]
[Date "2010.07.31"]
[Round "3.2"]
[White "Romanov, Alexey"]
[Black "Stadtfeld, Martin"]
[Result "0-1"]
[WhiteElo "1673"]
[BlackElo "1593"]
[PlyCount "104"]
[EventDate "2010.??.??"]
[WhiteTeam "SK Mannheim 1946 e.V."]
[BlackTeam "SC Jünkerath"]

1. e4 e6 2. d4 d5 3. exd5 exd5 4. Nf3 Nf6 5. Bd3 Be7 6. O-O O-O 7. Bf4 Nc6 8.
c3 Bg4 9. Nbd2 Qd7 10. Qc2 h6 11. Ne5 Nxe5 12. Bxe5 Be6 13. f4 Qd8 14. f5 Bc8
15. Rf3 Ng4 16. Raf1 Bg5 17. Re1 f6 18. Bf4 Re8 19. Qd1 Bxf4 20. Rxf4 h5 21. h3
Nh6 22. Rff1 Rxe1 23. Qxe1 Bd7 24. Qh4 Qe8 25. Re1 Qf7 26. g4 Re8 27. Kf2 Rxe1
28. Kxe1 Qe7+ 29. Kf2 hxg4 30. hxg4 Qd6 31. Qg3 Qb6 32. b4 a5 33. a3 axb4 34.
axb4 Qc6 35. Be2 Nf7 36. Nb3 Nd6 37. Nc5 b6 38. b5 Qa8 39. g5 bxc5 40. Bd3 fxg5
41. Qxg5 cxd4 42. f6 Qf8 43. Qxd5+ Qf7 44. Qa8+ Bc8 45. cxd4 Qxf6+ 46. Ke3 Kf7
47. b6 Qg5+ 48. Kf2 Qd2+ 49. Kg1 Qe1+ 50. Bf1 Qe3+ 51. Kh2 Qf2+ 52. Bg2 Bb7 0-1

[Event "7. Longericher Sommer-Open"]
[Site "?"]
[Date "2010.07.31"]
[Round "3.4"]
[White "Langosch, Thomas"]
[Black "Mladenov, Svetlin"]
[Result "0-1"]
[WhiteElo "1538"]
[BlackElo "2422"]
[PlyCount "68"]
[EventDate "2010.??.??"]
[WhiteTeam "SG Motor Barleben"]
[BlackTeam "SV Wattenscheid 1930"]

1. d4 Nf6 2. c4 g6 3. Nc3 Bg7 4. Nf3 O-O 5. e4 d6 6. h3 Na6 7. a3 c5 8. d5 e6
9. Bf4 e5 10. Bg5 h6 11. Be3 Nh5 12. Qd2 g5 13. Be2 Nf4 14. Bf1 f5 15. g3 fxe4
16. Nxe4 Bf5 17. Nc3 Qa5 18. Qc1 Rae8 19. Bd2 Nd3+ 20. Bxd3 Bxd3 21. Ne2 Qa4
22. Nh2 Bxc4 23. Nc3 Qd7 24. Ng4 Qf5 25. Rh2 Bd3 26. Ne3 Qg6 27. Qd1 h5 28. g4
h4 29. Qc1 c4 30. Ne2 Nc5 31. Qd1 Nb3 32. Ra2 Nd4 33. Ng1 Qe4 34. Bc3 Qxe3+ 0-1

[Event "7. Longericher Sommer-Open"]
[Site "?"]
[Date "2010.07.31"]
[Round "3.5"]
[White "Eulering, Georg"]
[Black "Wickenfeld, Stefan"]
[Result "1-0"]
[WhiteElo "2079"]
[BlackElo "1920"]
[PlyCount "83"]
[EventDate "2010.??.??"]
[WhiteTeam "SF Schlebusch"]
[BlackTeam "SK Herne-Sodingen 1924"]

1. e4 c5 2. c3 Nf6 3. e5 Nd5 4. d4 cxd4 5. Qxd4 e6 6. Nf3 Nc6 7. Qe4 f5 8. Qe2
b6 9. g3 Bb7 10. Bg2 Be7 11. O-O O-O 12. Rd1 Qe8 13. c4 Nc7 14. Nc3 Rd8 15. Bf4
Qh5 16. a3 g5 17. Nxg5 Qxe2 18. Nxe2 Ba6 19. b3 Na5 20. Nd4 b5 21. cxb5 Nxb5
22. Nxb5 Bxb5 23. b4 Nc6 24. Nf3 a5 25. Nd4 Nxd4 26. Rxd4 a4 27. Bf1 Bc6 28. b5
Bd5 29. Rxa4 Rc8 30. Ra7 Rc3 31. a4 Bc5 32. Rxd7 Rf3 33. Be3 Bxe3 34. fxe3 Rxe3
35. Bg2 Bxg2 36. Kxg2 Rc8 37. Rd2 Rxe5 38. Rb2 Rb8 39. b6 Ra5 40. Rb4 Kf8 41.
Rc1 Ra6 42. b7 1-0

[Event "7. Longericher Sommer-Open"]
[Site "?"]
[Date "2010.07.31"]
[Round "3.6"]
[White "Pick, Stefan"]
[Black "Grzeca, Pascal"]
[Result "1-0"]
[WhiteElo "2066"]
[BlackElo "1897"]
[PlyCount "153"]
[EventDate "2010.??.??"]
[WhiteTeam "SK Kerpen 64 e.V."]
[BlackTeam "SV Spr.Siershahn"]

1. d4 Nf6 2. Nf3 e6 3. Bg5 c5 4. e3 Be7 5. c3 b6 6. Nbd2 d6 7. Bd3 O-O 8. Qe2
Nbd7 9. h4 Bb7 10. Bxf6 Bxf6 11. Ng5 g6 12. Nxh7 Kxh7 13. h5 Rh8 14. hxg6+ Kg7
15. O-O-O Qe7 16. Qg4 Bh4 17. gxf7+ Kxf7 18. Qg6+ Kf8 19. Ne4 Bxe4 20. Qxe4 d5
21. Qf4+ Qf6 22. Qg4 Ke7 23. g3 Rag8 24. Qe2 Bg5 25. f4 Bh6 26. g4 Bf8 27. Bb5
Rxh1 28. Rxh1 Rh8 29. Rxh8 Qxh8 30. Qg2 Qh4 31. Kd2 Nf6 32. g5 Ne4+ 33. Ke2 c4
34. Ba4 Qg3 35. Qxg3 Nxg3+ 36. Kf3 Ne4 37. Bc2 Nd6 38. e4 dxe4+ 39. Bxe4 Nf5
40. Bb7 Bg7 41. Be4 a5 42. a4 Kd6 43. Bc2 Ne7 44. b3 cxb3 45. Bxb3 Nd5 46. c4
Ne7 47. Ke4 Nc6 48. d5 Nd4 49. Bd1 exd5+ 50. cxd5 b5 51. f5 Be5 52. f6 b4 53.
f7 Bg7 54. f8=Q+ Bxf8 55. Kxd4 Be7 56. g6 Bf6+ 57. Kc4 Be5 58. Bb3 Ke7 59. Kb5
Kf6 60. Kxa5 Kxg6 61. Kxb4 Kf7 62. a5 Ke7 63. Kb5 Kd7 64. Kb6 Kc8 65. a6 Kb8
66. Bc4 Bf4 67. Kc6 Be5 68. d6 Bf4 69. Kd7 Bg5 70. Ke8 Kc8 71. Bd5 Kb8 72. d7
Ka7 73. Bc4 Kb6 74. d8=Q+ Bxd8 75. Kxd8 Ka7 76. Kc7 Ka8 77. Kb6 1-0

[Event "7. Longericher Sommer-Open"]
[Site "?"]
[Date "2010.07.31"]
[Round "3.7"]
[White "Kuhn, Andreas"]
[Black "Losekoot, Pascal"]
[Result "0-1"]
[WhiteElo "1856"]
[BlackElo "2047"]
[PlyCount "68"]
[EventDate "2010.??.??"]
[WhiteTeam "SG Niederkassel"]
[BlackTeam "BSV(Baarn, Niederlande)"]

1. Nf3 Nf6 2. c4 g6 3. g3 Bg7 4. Bg2 O-O 5. O-O d6 6. d4 Nc6 7. Nc3 e5 8. d5
Ne7 9. Qc2 Ne8 10. Rd1 f5 11. Ng5 h6 12. Ne6 Bxe6 13. dxe6 c6 14. e4 Qc8 15. c5
Qxe6 16. cxd6 Nxd6 17. Be3 b6 18. f3 Rad8 19. Bf2 Kh7 20. b3 fxe4 21. fxe4 c5
22. Rac1 Nc6 23. Nd5 Nb5 24. Qc4 Nbd4 25. Bxd4 exd4 26. Nxb6 Qxc4 27. Nxc4 d3
28. e5 Nxe5 29. Be4 Ng4 30. Bxd3 Bd4+ 31. Kg2 Rf2+ 32. Kh3 h5 33. Rd2 Rxd2 34.
Nxd2 Nf2+ 0-1

[Event "7. Longericher Sommer-Open"]
[Site "?"]
[Date "2010.07.31"]
[Round "3.8"]
[White "Weißhuhn, Gunnar"]
[Black "Lenhardt, Manfred"]
[Result "1-0"]
[WhiteElo "1824"]
[BlackElo "2003"]
[PlyCount "81"]
[EventDate "2010.??.??"]
[WhiteTeam "SK Turm Euskirchen 65"]
[BlackTeam "SC Weisse Dame e.V."]

1. d4 d5 2. Nf3 c6 3. c4 Nf6 4. Nc3 e6 5. g3 Be7 6. Bg2 O-O 7. O-O Nbd7 8. Qb3
Qb6 9. Qxb6 axb6 10. cxd5 exd5 11. e3 b5 12. b3 Nb6 13. Ne5 Bf5 14. h3 h5 15.
f3 Bd6 16. g4 hxg4 17. hxg4 Bh7 18. a4 Rfe8 19. Bb2 b4 20. Na2 Nfd7 21. Nxd7
Nxd7 22. Kf2 Bc2 23. Nc1 c5 24. dxc5 Nxc5 25. Rh1 Nxb3 26. Nxb3 Bxb3 27. Rh5
Rec8 28. Rah1 f6 29. f4 Rc2+ 30. Kf3 Kf7 31. Bd4 Rxa4 32. g5 Raa2 33. Bf1 Rc8
34. gxf6 Bd1+ 35. Kg3 Bxh5 36. Rxh5 gxf6 37. Rh7+ Kg6 $2 38. Bd3+ f5 39. Rg7+
Kh6 40. Bxf5 Rf8 41. Rh7# 1-0

[Event "7. Longericher Sommer-Open"]
[Site "?"]
[Date "2010.07.31"]
[Round "3.9"]
[White "Täger, Torsten"]
[Black "Zotkin, Alexander"]
[Result "1-0"]
[WhiteElo "1984"]
[BlackElo "1876"]
[PlyCount "38"]
[EventDate "2010.??.??"]
[WhiteTeam "SV Lahn Limburg"]
[BlackTeam "SF Köln-Longerich 195"]

1. e4 c5 2. Nc3 Nc6 3. f4 g6 4. Nf3 Bg7 5. Bb5 e6 6. Bxc6 bxc6 7. e5 Ne7 8. Ne4
Nd5 9. Nd6+ Kf8 10. Ng5 Nxf4 11. Ngxf7 Nxg2+ 12. Kf1 Ne3+ 13. dxe3 Ba6+ 14. Kg2
Qh4 15. e4 (15. Nxh8 Qg5+ $11) 15... Qh5 16. Qxh5 gxh5 17. Nxh8 Bxh8 18. Bf4
Rb8 19. b3 Kg7 1-0

[Event "7. Longericher Sommer-Open"]
[Site "?"]
[Date "2010.07.31"]
[Round "3.10"]
[White "Fassbender, Leopold"]
[Black "Begri, Robert"]
[Result "1/2-1/2"]
[WhiteElo "1716"]
[BlackElo "1982"]
[PlyCount "131"]
[EventDate "2010.??.??"]
[WhiteTeam "SF Köln-Müngersdorf 1935"]
[BlackTeam "Tischtennisclub Grün-Weiß Fritzd"]

1. d4 Nf6 2. Nf3 e6 3. c3 b6 4. g3 Bb7 5. Bg2 c5 6. O-O cxd4 7. cxd4 Be7 8. Nc3
O-O 9. a3 d6 10. b4 Nbd7 11. Bb2 Rc8 12. Rc1 a6 13. Re1 b5 14. e3 Nb6 15. Nd2
Bxg2 16. Kxg2 Rc6 17. f3 Qc7 18. e4 Rc8 19. Ndb1 Nc4 20. Ba1 Qb6 21. Qd3 Nh5
22. Ne2 R6c7 23. g4 Nf6 24. Nd2 Nd7 25. Nxc4 bxc4 26. Qd2 Qb7 27. Bc3 h6 28.
Ng3 Nf8 29. Rh1 Ng6 30. Rcf1 Bg5 31. Qc2 Nf4+ 32. Kg1 Nd3 33. h4 Be3+ 34. Kh2
Qa7 35. Ne2 e5 36. d5 g6 37. Kg2 Kh8 38. Be1 f6 39. Bg3 Rg7 40. h5 f5 41. hxg6
fxe4 42. fxe4 Rxg6 43. Rh4 Qd7 44. Rf5 Bg5 45. Rh5 Qa7 46. Ng1 Qe3 47. Qe2 c3
48. Rhxg5 Qxe2+ 49. Nxe2 hxg5 50. Rf1 c2 51. Nc1 Nxc1 52. Rxc1 Rf6 53. a4 Rc4
54. b5 axb5 55. axb5 Rf7 56. b6 Rb7 57. Bf2 Rxe4 58. Rxc2 Rxg4+ 59. Kf3 Rf4+
60. Ke2 Rxf2+ 61. Kxf2 Rxb6 62. Rc6 Rb2+ 63. Kf3 Rb3+ 64. Kg4 e4 65. Rxd6 Rd3
66. Kxg5 1/2-1/2

[Event "7. Longericher Sommer-Open"]
[Site "?"]
[Date "2010.07.31"]
[Round "3.11"]
[White "Havenith, Michael"]
[Black "Arlt, Klaus"]
[Result "1/2-1/2"]
[WhiteElo "1692"]
[BlackElo "1950"]
[PlyCount "74"]
[EventDate "2010.??.??"]
[WhiteTeam "SV Würselen 1926 e.V."]
[BlackTeam "SF Köln-Mülheim e.V."]

1. c4 c6 2. Nf3 d5 3. b3 Nf6 4. Bb2 Bg4 5. Ne5 Bf5 6. e3 e6 7. Be2 Nbd7 8. O-O
Nxe5 9. Bxe5 Bd6 10. f4 Bxe5 11. fxe5 Nd7 12. d4 O-O 13. Nc3 a6 14. c5 Qg5 15.
Rf3 f6 16. Rg3 Qh6 17. exf6 Rxf6 18. Qd2 Raf8 19. Rf1 e5 20. Qc1 e4 21. b4 Be6
22. Rxf6 Qxf6 23. Qf1 Qh4 24. Qe1 Kh8 25. Qd1 Rf6 26. Bg4 Rh6 27. Bh3 Bxh3 28.
Rxh3 Qg5 29. Rg3 Qe7 30. Qg4 Rf6 31. Ne2 Rf7 32. Nf4 Nf8 33. Qg5 Qxg5 34. Rxg5
Nd7 35. h4 Rf6 36. Nh5 Rf7 37. Nf4 Rf6 1/2-1/2

[Event "7. Longericher Sommer-Open"]
[Site "?"]
[Date "2010.07.31"]
[Round "3.12"]
[White "Knobeloch, Olaf"]
[Black "Khanukov, Boris"]
[Result "0-1"]
[WhiteElo "1460"]
[BlackElo "2258"]
[PlyCount "46"]
[EventDate "2010.??.??"]
[WhiteTeam "Pulheimer Sport-Club 1924/57 e.V"]
[BlackTeam "Stift. Bahn-Sozialwerk Schachgr."]

1. d4 Nf6 2. c4 e6 3. Bg5 h6 4. Bh4 c5 5. Nf3 cxd4 6. Nxd4 Bb4+ 7. Nc3 a6 8.
Qb3 Be7 9. e3 d6 10. Bd3 Nbd7 11. O-O Nc5 12. Qc2 Nxd3 13. Qxd3 O-O 14. Rad1
Qc7 15. h3 b6 16. Ne4 Nxe4 17. Bxe7 Nc5 18. Bxd6 Qxd6 19. Qe2 Qc7 20. Nf3 Bb7
21. b3 Rad8 22. Nd4 Qe7 23. f4 f5 0-1

[Event "7. Longericher Sommer-Open"]
[Site "?"]
[Date "2010.07.31"]
[Round "3.13"]
[White "König, Dirk Norbert"]
[Black "Dijkhuis, Tycho"]
[Result "0-1"]
[WhiteElo "2125"]
[BlackElo "1697"]
[PlyCount "116"]
[EventDate "2010.??.??"]
[WhiteTeam "SVigung 1920 Plettenbe"]
[BlackTeam "Moira Domtoren(Utrecht, Niederl"]

1. e4 c5 2. Nf3 d6 3. d4 cxd4 4. Nxd4 Nf6 5. Nc3 g6 6. Bg5 Bg7 7. Bb5+ Bd7 8.
Qe2 a6 9. Bxd7+ Nbxd7 10. h4 h5 11. O-O-O Kf8 12. f4 Qa5 13. Rhe1 Ng4 14. e5
Nc5 15. exd6 exd6 16. Be7+ Kg8 17. Bxd6 Na4 18. Nb3 Nxc3 19. Nxa5 Nxe2+ 20.
Rxe2 b6 21. Nc6 Bf6 22. g3 Kg7 23. Be5 Rhe8 24. Rd7 Rac8 25. Rd6 a5 26. Kd2 a4
27. a3 b5 28. c3 Ra8 29. Kd3 Ra6 30. Rxf6 Nxf6 31. Bxf6+ Kxf6 32. Rxe8 Rxc6 33.
Re5 Rd6+ 34. Ke3 Rb6 35. Re4 Rd6 36. Rb4 Rd5 37. Ke4 Ke6 38. c4 f5+ 39. Ke3
bxc4 40. Rxc4 Ra5 41. Rc6+ Kf7 42. Kd4 Rb5 43. Rc2 Rb3 44. Kc4 Rxg3 45. Kb4 Rg4
46. Kxa4 Rxf4+ 47. Kb5 Rxh4 48. a4 Rh1 49. a5 Ra1 50. a6 h4 51. Rc3 g5 52. Ra3
Rd1 53. Kc5 Rd8 54. b4 g4 55. b5 g3 56. b6 g2 57. Ra1 h3 58. a7 h2 0-1

[Event "7. Longericher Sommer-Open"]
[Site "?"]
[Date "2010.07.31"]
[Round "3.14"]
[White "Kirst, Peter"]
[Black "Wolfradt, Dirk"]
[Result "0-1"]
[WhiteElo "1687"]
[BlackElo "2069"]
[PlyCount "114"]
[EventDate "2010.??.??"]
[WhiteTeam "SV Erftstadt e.V."]
[BlackTeam "SVigung 1919 Königsspr"]

1. Nf3 d5 2. g3 Nc6 3. Bg2 Bg4 4. h3 Bf5 5. O-O Qd7 6. Kh2 O-O-O 7. d3 e5 8.
Nbd2 f6 9. c4 Nge7 10. cxd5 Nd4 11. e4 Bg6 12. Nxd4 exd4 13. Nb3 Qa4 14. Nc5
Qxd1 15. Rxd1 Bf7 16. Nb3 c6 17. dxc6 Nxc6 18. Bd2 Bd6 19. Na5 Ne5 20. Bf4 g5
21. Bxe5 fxe5 22. Rdc1+ Kb8 23. Nc4 Bc7 24. a4 Rhf8 25. Kg1 Be6 26. b4 Rd7 27.
Ra2 h5 28. Rb2 h4 29. g4 Rdf7 30. f3 Rxf3 31. Bxf3 Rxf3 32. Kg2 Rg3+ 33. Kh2
Rxd3 34. a5 Rc3 35. Rxc3 dxc3 36. Rf2 Bxc4 37. Rf8+ Bd8 38. Rxd8+ Kc7 39. Rd1
c2 40. Rc1 Bd3 41. Kg1 Bxe4 42. Kf1 Bd3+ 43. Ke1 e4 44. Kd2 Kc6 45. Kc3 Kd5 46.
Re1 Ke5 47. b5 Kd5 48. b6 axb6 49. axb6 Kc5 50. Kd2 Kxb6 51. Ra1 Kb5 52. Kc1
Kc5 53. Ra7 b5 54. Rg7 e3 55. Rxg5+ Kd4 56. Rg7 e2 57. Rd7+ Ke3 0-1

[Event "7. Longericher Sommer-Open"]
[Site "?"]
[Date "2010.07.31"]
[Round "3.15"]
[White "Granz, Thomas"]
[Black "Bub, Volker"]
[Result "0-1"]
[WhiteElo "1650"]
[BlackElo "2060"]
[PlyCount "54"]
[EventDate "2010.??.??"]
[WhiteTeam "SVigung 1919 Königsspr"]
[BlackTeam "SC Tornado 86 Hochneukirch"]

1. e4 d6 2. Nf3 g6 3. Bc4 e6 4. d4 Bg7 5. Bg5 Ne7 6. O-O Nd7 7. Nc3 a6 8. Qd2
h6 9. Be3 Nf6 10. e5 dxe5 11. Nxe5 Nf5 12. Ne2 O-O 13. Nf4 Qe8 14. Bd3 b6 15.
Bxf5 exf5 16. Nfd3 g5 17. h4 f4 18. Nxf4 gxf4 19. Bxf4 Ne4 20. Qe3 Nd6 21. Bxh6
Nf5 22. Qf3 Nxd4 23. Qxa8 Qxe5 24. Bxg7 Qxg7 25. c3 Ne2+ 26. Kh1 Qg4 27. g3
Qh3# 0-1

[Event "7. Longericher Sommer-Open"]
[Site "?"]
[Date "2010.07.31"]
[Round "3.16"]
[White "Karwatzki, Hans-Jürgen"]
[Black "Schülke, Tilman"]
[Result "0-1"]
[WhiteElo "1609"]
[BlackElo "1995"]
[PlyCount "62"]
[EventDate "2010.??.??"]
[WhiteTeam "Vereinigung der SF Stadtverw. Bo"]
[BlackTeam "Düsseldorfer SV 1854"]

1. e4 d6 2. d4 g6 3. f4 Bg7 4. Nc3 Nf6 5. Bc4 O-O 6. Nf3 c5 7. O-O cxd4 8. Nxd4
a6 9. f5 Nbd7 10. fxg6 hxg6 11. Nf3 Qc7 12. Bb3 b5 13. Qe1 Bb7 14. Ng5 b4 15.
Nd5 Bxd5 16. Bxd5 Nxd5 17. exd5 Qc5+ 18. Kh1 Bf6 19. Qh4 Bxg5 20. Bxg5 f6 21.
Bd2 Qxd5 22. Bxb4 Rf7 23. c4 Qb7 24. Bc3 Kg7 25. Rae1 Rh8 26. Qf4 Rhf8 27. Re3
Rh8 28. Re6 Nc5 29. Rxf6 exf6 30. Bxf6+ Kg8 31. Qg5 Qe4 0-1

[Event "7. Longericher Sommer-Open"]
[Site "?"]
[Date "2010.07.31"]
[Round "3.17"]
[White "Plitt, Stefan"]
[Black "Lambertz, Michael"]
[Result "0-1"]
[WhiteElo "1582"]
[BlackElo "1982"]
[PlyCount "124"]
[EventDate "2010.??.??"]
[WhiteTeam "SF Köln-Mülheim e.V."]
[BlackTeam "SF Esch e.V."]

1. c4 c5 2. g3 Nf6 3. Nc3 d5 4. cxd5 Nxd5 5. Bg2 Nc7 6. Nf3 Nc6 7. e3 e5 8. d3
Be7 9. O-O O-O 10. Ne1 Be6 11. f4 exf4 12. exf4 Qd7 13. Be3 Rad8 14. Ne4 b6 15.
Nc2 f5 16. Nf2 Bf6 17. Bxc6 Qxc6 18. Qc1 Qb5 19. d4 cxd4 20. Bxd4 Bxd4 21. Nxd4
Rxd4 22. Qxc7 Rd7 23. Qc3 Rfd8 24. Rfe1 Kf7 25. Re5 Rd5 26. Rae1 Rxe5 27. Rxe5
Qd7 28. a3 Qd2 29. Qxd2 Rxd2 30. b4 Ra2 31. Re3 Bd5 32. Rd3 Ke6 33. h4 h6 34.
h5 a6 35. Re3+ Kd6 36. Rd3 Kc6 37. g4 fxg4 38. Rg3 Bf3 39. Nxg4 Bd1 40. Ne5+
Kb5 41. Rxg7 Rxa3 42. Rg6 Bxh5 43. Rxh6 Be8 44. Rxb6+ Kxb6 45. Nc4+ Kb5 46.
Nxa3+ Kxb4 47. Nc2+ Kc3 48. Ne3 Bf7 49. Kf2 Kd2 50. Ng4 a5 51. Ne5 Be6 52. f5
Bd5 53. f6 a4 54. Nc6 Kc3 55. Ne7 Bf7 56. Nf5 a3 57. Nd6 a2 58. Nxf7 a1=Q 59.
Nd8 Qa7+ 60. Kg3 Qd7 61. Kf4 Qxd8 62. Kf5 Qf8 0-1

[Event "7. Longericher Sommer-Open"]
[Site "?"]
[Date "2010.07.31"]
[Round "3.18"]
[White "Martens, Nick"]
[Black "Freundlieb, Thomas"]
[Result "0-1"]
[WhiteElo "1518"]
[BlackElo "1975"]
[PlyCount "62"]
[EventDate "2010.??.??"]
[WhiteTeam "SF Battenberg"]
[BlackTeam "SV Bergneustadt/Dersch"]

1. f4 g6 2. Nf3 Bg7 3. e4 c6 4. Nc3 d5 5. e5 h5 6. d4 Bg4 7. Bd3 e6 8. Be3 Nh6
9. h3 Bxf3 10. Qxf3 h4 11. O-O-O Nf5 12. Bxf5 gxf5 13. g3 hxg3 14. Rdg1 b5 15.
Rxg3 Bf8 16. Rg5 a5 17. h4 a4 18. Qg2 Qa5 19. Bd2 b4 20. Nb1 Qb6 21. c3 bxc3
22. Bxc3 c5 23. Qg1 Nc6 24. dxc5 Bxc5 25. Rg8+ Kd7 26. Qg7 Rhxg8 27. Qxf7+ Ne7
28. h5 Be3+ 29. Kc2 Rg2+ 30. Kd3 (30. Nd2 Bxd2 31. Bxd2 Rc8+) 30... Qb5+ 31.
Kxe3 Qe2+ 0-1

[Event "7. Longericher Sommer-Open"]
[Site "?"]
[Date "2010.07.31"]
[Round "3.19"]
[White "Holzem, Christopher"]
[Black "Kürten, Lothar"]
[Result "1/2-1/2"]
[WhiteElo "1972"]
[BlackElo "1677"]
[PlyCount "64"]
[EventDate "2010.??.??"]
[WhiteTeam "Turnerschaft Bergisch-Gladbach 1"]
[BlackTeam "SF Köln-Longerich 195"]

1. e4 e6 2. b3 d5 3. Bb2 Nf6 4. exd5 exd5 5. Nf3 Be7 6. d4 O-O 7. Bd3 Bg4 8.
Nbd2 Re8 9. O-O Nbd7 10. c4 Bb4 11. Qc2 c6 12. Ne5 Bxd2 13. Nxg4 Nxg4 14. Qxd2
Nf8 15. Qf4 Nf6 16. Qd2 Qd7 17. Rfe1 Rxe1+ 18. Rxe1 Re8 19. Re3 Rxe3 20. Qxe3
Qe6 21. Bc1 Qxe3 22. Bxe3 Ne6 23. f3 Kf8 24. Kf2 Ke7 25. Ke2 g6 26. Kd2 b6 27.
Kc3 a5 28. Bf2 h6 29. Bh4 g5 30. Bg3 Nf4 31. Bxf4 gxf4 32. Bf5 Kd6 1/2-1/2

[Event "7. Longericher Sommer-Open"]
[Site "?"]
[Date "2010.07.31"]
[Round "3.20"]
[White "Gail, Edgar"]
[Black "Hirth, Ulrich"]
[Result "0-1"]
[WhiteElo "1502"]
[BlackElo "1943"]
[PlyCount "72"]
[EventDate "2010.??.??"]
[WhiteTeam "Klub Kölner SF e.V. 1"]
[BlackTeam "SV Schwarz-Weiß Oberha"]

1. e4 g6 2. d4 Bg7 3. Be3 c6 4. Bd3 d5 5. Nc3 dxe4 6. Nxe4 Bxd4 7. Bxd4 Qxd4 8.
Ne2 Qg7 9. O-O Nf6 10. Nd4 Nxe4 11. Bxe4 O-O 12. Nf3 Nd7 13. c3 Nf6 14. Bc2 Bg4
15. Qe2 Bxf3 16. Qxf3 Rfd8 17. Rad1 Qf8 18. Qe3 b6 19. Rde1 Nd5 20. Qg5 e6 21.
f4 Qg7 22. Be4 Rac8 23. Rd1 f6 24. Qg3 Ne7 25. Qf3 c5 26. Bb7 Rb8 27. Ba6 Nd5
28. Qe4 Nc7 29. Bc4 Qe7 30. Rxd8+ Rxd8 31. f5 Kf7 32. Qb7 gxf5 33. Rxf5 Nd5 34.
Bxd5 Rxd5 35. Qxe7+ Kxe7 36. Rh5 Rxh5 0-1

[Event "7. Longericher Sommer-Open"]
[Site "?"]
[Date "2010.07.31"]
[Round "3.21"]
[White "Jansen, Kurt"]
[Black "Bergner, Philipp"]
[Result "0-1"]
[WhiteElo "1449"]
[BlackElo "1930"]
[PlyCount "128"]
[EventDate "2010.??.??"]
[WhiteTeam "SK Sülz-Klettenberg"]
[BlackTeam "Mönchfelder SV 1967"]

1. e4 c5 2. Nf3 d6 3. a4 Nc6 4. Nc3 Nf6 5. d4 cxd4 6. Nxd4 g6 7. Bb5 Bd7 8.
Nxc6 bxc6 9. Bc4 Bg7 10. Bb3 O-O 11. O-O Rb8 12. Rb1 Bc8 13. Be3 Qc7 14. g3 Bh3
15. Re1 Ng4 16. Bf4 Ne5 17. Bxe5 Bxe5 18. Qd3 Qb6 19. Red1 Kg7 20. Qe3 Qxe3 21.
fxe3 Rb4 22. Rd3 Bc8 23. Kf2 Ba6 24. Rd2 Bxc3 25. bxc3 Rxe4 26. Rd4 Re5 27. c4
Rb8 28. Rbd1 Rc5 29. Re4 Rb7 30. g4 h6 31. h4 Rc7 32. Red4 Bc8 33. Kg3 Be6 34.
e4 Rb7 35. R1d3 Rb4 36. Kf4 Bxc4 37. Rxc4 Rcxc4 38. Re3 Rc5 39. Kf3 Rb7 40. Rd3
Rd7 41. Ke3 d5 42. exd5 cxd5 43. Kd4 Rcc7 44. g5 f6 45. gxf6+ Kxf6 46. Rf3+ Ke6
47. Rg3 Kf5 48. Kd3 e5 49. c3 g5 50. hxg5 hxg5 51. Bd1 e4+ 52. Kd2 Rh7 53. Rg2
Rh6 54. Rf2+ Ke5 55. Rg2 Rg7 56. Rg3 d4 57. cxd4+ Kxd4 58. Rg2 Rb6 59. Ke1 Rb1
60. Rd2+ Ke5 61. Ke2 Rh7 62. Rd8 Rh2+ 63. Ke1 Rh1+ 64. Ke2 Rhxd1 0-1

[Event "7. Longericher Sommer-Open"]
[Site "?"]
[Date "2010.07.31"]
[Round "3.22"]
[White "Viganske, Christian"]
[Black "Smets, Heike"]
[Result "1-0"]
[WhiteElo "1911"]
[BlackElo "1640"]
[PlyCount "93"]
[EventDate "2010.??.??"]
[WhiteTeam "SK Turm Euskirchen 65"]
[BlackTeam "vereinslos"]

1. e4 e5 2. Nf3 d6 3. d4 Nc6 4. Be2 Bg4 5. Be3 Qe7 6. Nc3 Nf6 7. d5 Nd8 8. h3
Bh5 9. O-O c6 10. Qd3 Qd7 11. Rad1 Be7 12. Bg5 Bxf3 13. Bxf3 Nxd5 14. Bxe7 Nxe7
15. Qxd6 Qxd6 16. Rxd6 O-O 17. Bg4 f5 18. Rd7 fxg4 19. Rxe7 gxh3 20. gxh3 Rf6
21. Rxe5 Nf7 22. Re7 Ng5 23. Kh2 Raf8 24. f4 Rxf4 25. Rxf4 Rxf4 26. Kg3 Rf7 27.
Re5 h6 28. h4 Nh7 29. Re8+ Rf8 30. Rxf8+ Kxf8 31. Kf4 Nf6 32. Ne2 Kf7 33. Nd4
Nd7 34. Nf5 Kf6 35. Nd6 g5+ 36. hxg5+ hxg5+ 37. Ke3 Nc5 38. b4 Ne6 39. Nxb7 g4
40. Na5 Nd8 41. Kf4 Ke6 42. Kxg4 Ke5 43. Kf3 Kd4 44. c4 Kc3 45. b5 cxb5 46.
cxb5 Kb4 47. Nc6+ 1-0